书目信息 |
| 题名: |
创业学
|
|
| 作者: | 郁义鸿 编著 | |
| 分册: | ||
| 出版信息: | 上海 复旦大学出版社 2000.03 |
|
| 页数: | 525页 | |
| 开本: | 16开 | |
| 丛书名: | ||
| 单 册: | ||
| 中图分类: | F270 | |
| 科图分类: | ||
| 主题词: | 企业经济 | |
| 电子资源: | ||
| ISBN: | 7-309-02464-8 | |
| 000 | 00526nam0 2200193 45 | |
| 001 | 0012031691 | |
| 005 | 20001203160720.5 | |
| 010 | @a7-309-02464-8@d50.00元 | |
| 100 | @a20001203d2000 km y0chiy0120 ea | |
| 101 | 0 | @achi |
| 105 | @a z 000yy | |
| 200 | 1 | @a创业学@AChuang Ye Xue@f郁义鸿等编著@FYu Yi Hong Deng Bian Zhu |
| 210 | @a上海@c复旦大学出版社@d2000.03 | |
| 215 | @a525页@d16开 | |
| 606 | 0 | @a企业经济 |
| 690 | @aF270@v3 | |
| 701 | 0 | @a郁义鸿@4编著 |
| 801 | @aCN@bPftUser@c20001203 | |
| 905 | @b511878@dF270@eY335@f1 | |
| 创业学/郁义鸿等编著.-上海:复旦大学出版社,2000.03 |
| 525页;16开 |
| ISBN 7-309-02464-8:50.00元 |
| ● |
| 相关链接 |
|
|
|
正题名:创业学
索取号:F270/Y335
 
预约/预借
| 序号 | 登录号 | 条形码 | 馆藏地/架位号 | 状态 | 备注 |
| 1 | 511878 | 205118781 | 社科库409/409社科库 85排3列1层/ [索取号:F270/Y335] | 在馆 |